LEADER 01092nam0 22003011i 450 001 UON00261364 005 20231205103713.676 010 $a04-15-26212-7 100 $a20050216d2004 |0itac50 ba 101 $aeng 102 $aGB 105 $a|||| ||||| 200 1 $aPompeii$ea sourcebook$fAlison E. Cooley, M.G.L. Cooley 210 $aLondon$aNew York$cRoutledge$d2004 215 $axiii, 254 p.$cill.$d24 cm 606 $aPOMPEI$3UONC026421$2FI 620 $aUS$dNew York$3UONL000050 620 $aGB$dLondon$3UONL003044 676 $a937$cARCHEOLOGIA / STORIA DELL'ITALIA - fino al 476$v21 700 1$aCOOLEY$bAlison E.$3UONV154375$0522833 701 1$aCOOLEY$bM.G.L.$3UONV154376$0689759 712 $aRoutledge$3UONV248939$4650 801 $aIT$bSOL$c20240220$gRICA 899 $aSIBA - SISTEMA BIBLIOTECARIO DI ATENEO$2UONSI 912 $aUON00261364 950 $aSIBA - SISTEMA BIBLIOTECARIO DI ATENEO$dSI N 2 POMPEI 049 $eSI MC 29393 5 996 $aPompeii$91237302 997 $aUNIOR